| 000 | 00548ntaaa2200205 4500 | ||
|---|---|---|---|
| 003 | 01 | ||
| 005 | 20251027200818.0 | ||
| 008 | 0714s1973 ag 01 | ||
| 040 |
_aAR-BaBN _bspa _cAR-BaBN _eaacr _dRIC |
||
| 082 | _a227.4 B23g | ||
| 100 | _aBarclay, William | ||
| 245 |
_aGálatas y Efesios / _cWilliam Barclay |
||
| 250 | _a1 ed. | ||
| 260 |
_aBuenos Aires : _bLa Aurora, _c1973 |
||
| 300 | _a195 p | ||
| 490 |
_aEl Nuevo Testamento ; _v10 |
||
| 650 | _aBiblia-Nuevo Testamento-Galatas | ||
| 650 | _aBiblia-Nuevo Testamento-Efesios | ||
| 942 | _cBK | ||
| 999 |
_c2267 _d2267 |
||